000 00682nam a2200289Ia 4500
005 20260324144105.0
008 008 260324s9999 xx 000 0 eng d
020 _a9781003066118
037 _aEBOOK
040 _aCRL
040 _beng
040 _cCRL
041 _2eng
041 _aeng
084 _qCRL
100 _aPeter Agre
_91218042
245 0 _aRed Blood Cell Membranes
245 0 _bStructure: Function: Clinical Implications
260 _bTaylor and Francis
260 _c1989
365 _a
365 _b840
856 _uhttp://www.taylorfrancis.com/books/9781003066118
942 _cEBOOK
999 _c1824234
_d1824234